| 000 | 00856nam a22002417a 4500 | ||
|---|---|---|---|
| 005 | 20240530110352.0 | ||
| 008 | 141228s2009 ua d g b 000 0 ara d | ||
| 017 |
_a5008/2009 _bمصر . دار الكتب المصرية |
||
| 020 | _a977427475x | ||
| 040 | _aEG-CaGPL | ||
| 041 | 0 | _aara | |
| 082 | 0 | 4 |
_221 _a001.42\ _bش م |
| 100 | 0 | _aشيماء ذوالفقار زغيب | |
| 245 | 1 | 0 |
_aمناهج البحث و الاستخدامات الاحصائية فى الدراسات الاعلامية / _cشيماء ذوالفقار زغيب |
| 250 | _aط 1 | ||
| 260 |
_aالقاهرة : _bالدار المصرية اللبنانية ، _c2009 |
||
| 300 |
_a384 ص ؛ _c24 سم |
||
| 650 | 0 | 4 | _aطرق البحث |
| 650 | 0 | 4 | _aالبحث العلمى |
| 650 | 0 | 4 | _aالبحوث |
| 942 |
_2ddc _cBK |
||
| 999 |
_c60095 _d60095 |
||